Pays avec les plus grands budgets militaires (2024) - Statistiques

Statistiques générales
  • Ce quiz a été pris 44 fois
  • Le résultat moyen est 9 sur 10
Statistiques - réponses
Hint Réponse % Correct
858 Mrd$ Etats-Unis
100%
54 Mrd$ France
100%
296 Mrd$ Chine
98%
109 Mrd$ Russie
98%
42 Mrd$ Japon
95%
66 Mrd$ Allemagne
93%
84 Mrd$ Inde
90%
75 Mrd$ Royaume-Uni
90%
48 Mrd$ Corée du sud
80%
75 Mrd$ Arabie saoudite
56%
Aucun quiz correspondant
Distribution des résultats
% des personnes avec chaque résultat
Percentile par nombre de réponses
Votre historique - résultats
Vous n’avez pas pris ce quiz